LIBRARY & INFORMATION CENTRE, KCAET, TAVANUR

ONLINE PUBLIC ACCESS CATALOGUE (OPAC)

Small industry development in India / (Record no. 1617)

MARC details
000 -LEADER
fixed length control field 00492cam a2200193ua 4500
020 ## - INTERNATIONAL STANDARD BOOK NUMBER
ISBN 81-7141-124-x
041 ## - LANGUAGE CODE
Language code of text/sound track or separate title eng
082 ## - DEWEY DECIMAL CLASSIFICATION NUMBER
Classification number 338.642
Item number RAO/SM
100 ## - MAIN ENTRY--AUTHOR NAME
Personal name Rao., V.S.P .
245 00 - TITLE STATEMENT
Title Small industry development in India /
250 ## - EDITION STATEMENT
Edition statement 1 /
260 ## - PUBLICATION, DISTRIBUTION, ETC. (IMPRINT)
Place of publication :
Name of publisher Discovery publishing house ,
Year of publication 1991.
300 ## - PHYSICAL DESCRIPTION
Number of Pages 405 ; .
700 1# - ADDED ENTRY--PERSONAL NAME
Personal name Nagairya, .
942 ## - ADDED ENTRY ELEMENTS (KOHA)
Koha item type Books
Holdings
Withdrawn status Lost status Damaged status Home library Current library Date acquired Full call number Accession Number Koha item type
Withdrawn     KAUAET Sanskrit University 07/04/2012 338.642 17694 Books
free website counter